Sports Quiz

Random Sports or MLB Quiz

1972 Topps Baseball New York Yankees Quiz Stats

 Plays Quiz not verified by Sporcle

Challenge
Share
Tweet
Embed
Score 0/30 Timer 08:00
0 Plays Today
Pos. Player/Manager % Correct
CThurman Munson
96.3%
OFBobby Murcer
88.9%
OFRoy White
81.5%
MGRRalph Houk
76.5%
PMel Stottlemyre
75.3%
SSGene Michael
72.8%
2BHorace Clarke
71.6%
PFritz Peterson
70.4%
PMike Kekich
55.6%
TEAMNew York Yankees Team
55.6%
1B-CJohn Ellis
51.9%
1BRon Blomberg
50.6%
3BJerry Kenney
46.9%
OFFelipe Alou
45.7%
PLindy McDaniel
39.5%
Pos. Player/Manager % Correct
2BBernie Allen
29.6%
PSteve Kline
29.6%
3BRich McKinney
28.4%
OFRon Swoboda
23.5%
PJack Aker
22.2%
OFRusty Torres
17.3%
SSFrank Baker
16%
2B-SSHal Lanier
14.8%
PGary Waslewski
13.6%
PAlan Closter
11.1%
PRob Gardner
9.9%
PRoger Hambright
9.9%
PJim Hardin
8.6%
PJim Magnuson
8.6%
PRich Hinton
8.6%

You're not logged in!

Compare scores with friends on all Sporcle quizzes.
OR
Log In

You Might Also Like...

Show Comments

Extras

Top Quizzes Today


Score Distribution

Your Account Isn't Verified!

In order to create a playlist on Sporcle, you need to verify the email address you used during registration. Go to your Sporcle Settings to finish the process.

Report this User

Report this user for behavior that violates our Community Guidelines.

Details: